[Event "60th Hastings it"]
[Site "Hastings"]
[Date "1984.12.29"]
[Round "1"]
[White "Farago, Ivan"]
[WhiteTitle "GM"]
[WhiteElo "2520"]
[Black "Flear, Glenn Curtis"]
[BlackTitle "IM"]
[BlackElo "2455"]
[Result "0-1"]
[PlyCount "78"]
[EventDate "1984.12.29"]

1.d4 Nf6 2.c4 e6 3.Nf3 d5 4.Nc3 c6 5.Bg5 dxc4 6.e4 b5 7.a4 Qb6 8.Bxf6 gxf6
9.Be2 Bb7 10.O-O a6 11.d5 Bc5 12.dxe6 fxe6 13.Nh4 Nd7 14.Bg4 O-O-O 15.Bxe6
Kb8 16.Bxd7 Bc8 17.Nd5 cxd5 18.Bxc8 dxe4 19.Bd7 Kc7 20.Qh5 Rxd7 21.axb5 
axb5 22.Nf5 Rhd8 23.Rae1 Rd2 24.Qxh7+ R8d7 25.Qh4 Rxb2 26.Qf4+ Kb7 27.h4 
c3 28.h5 b4 29.h6 Bxf2+ 30.Rxf2 Qxf2+ 31.Qxf2 Rxf2 32.Kxf2 b3 33.Rb1 b2 
34.Ne3 Kc6 35.Nc2 Kc5 36.Ke3 Kc4 37.Rh1 Rh7 38.Kxe4 Rxh6 39.Rxh6 b1=Q 0-1

[Event "60th Hastings it"]
[Site "Hastings"]
[Date "1984.12.29"]
[Round "1"]
[White "Martin, Andrew David"]
[WhiteTitle "IM"]
[WhiteElo "2445"]
[Black "Hebert, Jean"]
[BlackTitle "IM"]
[BlackElo "2395"]
[Result "0-1"]
[PlyCount "60"]
[EventDate "1984.12.29"]
[Annotator "Cafferty, B"]

1.d4 Nf6 2.Nf3 e6 3.Bg5 h6 4.Bxf6 Qxf6 5.e4 d6 6.Nc3 Nd7 7.Qd2 a6 8.Bd3 c5
9.e5 dxe5 10.Ne4 Qf4 11.dxe5 Qxd2+ 12.Kxd2 b5 13.c4 Bb7 14.b3 O-O-O 15.Ke3
Nb6 16.Rhc1 f6 17.exf6 gxf6 18.Ke2 bxc4 19.bxc4 f5 20.Nc3 Bg7 21.Rab1 Rd6 
22.Ne1 Rhd8 23.Rb3 Kc7 24.Rcb1 Ba8 25.a4 Nd7 26.a5 Ne5 27.Na4 Nxd3 28.Nxd3
Rxd3 29.Rb6 ( 29.Rxd3 Rxd3 30.Kxd3 Be4+ ) 29...Bxg2 30.Nxc5 Bf3+ 0-1

[Event "60th Hastings it"]
[Site "Hastings"]
[Date "1984.12.29"]
[Round "1"]
[White "Ravikumar, Vaidyanathan"]
[WhiteTitle "IM"]
[WhiteElo "2385"]
[Black "Benjamin, Joel"]
[BlackTitle "IM"]
[BlackElo "2520"]
[Result "0-1"]
[PlyCount "112"]
[EventDate "1984.12.29"]

1.d4 Nf6 2.c4 e6 3.Nc3 Bb4 4.e3 O-O 5.Bd3 d5 6.a3 Be7 7.Nf3 c5 8.O-O Nc6 
9.dxc5 Bxc5 10.b4 Bd6 11.cxd5 exd5 12.Nb5 Bb8 13.Bb2 Bg4 14.Be2 Ne4 15.Rc1
Re8 16.Rc2 a6 17.Nbd4 Qd6 18.g3 Bh3 19.Re1 Ba7 20.Qc1 Ne7 21.Bf1 Bd7 22.
Qa1 f6 23.Qa2 Kh8 24.Qb3 Rad8 25.Bg2 Ng6 26.Nd2 f5 27.N2f3 Rf8 28.Rd1 f4 
29.exf4 Nxf4 30.gxf4 Rxf4 31.Bc1 Rg4 32.Kh1 Rf8 33.Re2 Bb8 34.b5 Rh4 35.
Kg1 Rxh2 36.Qb4 Rxg2+ 37.Kxg2 Qg6+ 38.Kf1 Bd6 39.Qb3 Bh3+ 40.Ke1 Qg2 41.
Rxe4 dxe4 42.Qd5 Bg3 43.fxg3 exf3 44.Nxf3 Bg4 45.Qf7 Qxg3+ 46.Kf1 Qb8 47.
Bf4 Rxf7 48.Bxb8 Rxf3+ 49.Kg2 Rf8 50.Bd6 Bxd1 51.Bxf8 axb5 52.Kg3 Kg8 53.
Bb4 g5 54.Bd2 h6 55.Ba5 Kf7 56.Bd8 Kg6 0-1

[Event "60th Hastings it"]
[Site "Hastings"]
[Date "1984.12.29"]
[Round "1"]
[White "Watson, William"]
[WhiteTitle "IM"]
[WhiteElo "2450"]
[Black "Gutman, Lev"]
[BlackTitle "IM"]
[BlackElo "2485"]
[Result "1-0"]
[PlyCount "63"]
[EventDate "1984.12.29"]

1.e4 c5 2.Nc3 d6 3.f4 g6 4.Nf3 Bg7 5.Bc4 Nc6 6.O-O e6 7.f5 gxf5 8.d3 Nge7 
9.Ng5 d5 10.Qh5 Ne5 11.exd5 exd5 12.Nxd5 Nxd5 13.Re1 Rf8 14.Nf3 Ne7 15.
Nxe5 Qd4+ 16.Be3 Qxe5 17.Bg5 Qd4+ 18.Kh1 Bf6 19.c3 Qd6 20.Bh6 b5 21.Bb3 
Rh8 22.Qxf7+ Kd8 23.Bf4 Qc6 24.d4 Bh4 25.dxc5 Rg8 26.Rad1+ Bd7 27.Re2 Qf6 
28.Rxe7 Qxf7 29.Rxf7 Be7 30.c6 Ke8 31.Rxd7 Bc5 32.Rxh7 1-0

[Event "60th Hastings it"]
[Site "Hastings"]
[Date "1984.12.30"]
[Round "2"]
[White "Abramovic, Bosko"]
[WhiteTitle "IM"]
[WhiteElo "2480"]
[Black "Martin, Andrew David"]
[BlackTitle "IM"]
[BlackElo "2445"]
[Result "1-0"]
[PlyCount "67"]
[EventDate "1984.12.29"]

1.e4 e6 2.d4 d5 3.Nc3 Bb4 4.e5 c5 5.a3 Bxc3+ 6.bxc3 Qc7 7.Nf3 Ne7 8.a4 b6 
9.Bb5+ Bd7 10.Bd3 Nbc6 11.O-O h6 12.Ba3 Na5 13.Nd2 O-O 14.dxc5 bxc5 15.Nb3
Nxb3 16.cxb3 f6 17.f4 fxe5 18.fxe5 Rxf1+ 19.Qxf1 Nc6 20.Bc2 Nxe5 21.Qf4 
Rf8 22.Qg3 Bc8 23.Re1 Ba6 24.Bc1 Rf6 25.c4 dxc4 26.Bb2 Nf3+ 27.gxf3 Qxg3+ 
28.hxg3 Rxf3 29.Rxe6 c3 30.Ba3 Rf1+ 31.Kg2 Ra1 32.Bg6 Rxa3 33.Kf3 Bb7+ 34.
Ke3 1-0

[Event "60th Hastings it"]
[Site "Hastings"]
[Date "1984.12.30"]
[Round "2"]
[White "Gutman, Lev"]
[WhiteTitle "IM"]
[WhiteElo "2485"]
[Black "Ravikumar, Vaidyanathan"]
[BlackTitle "IM"]
[BlackElo "2385"]
[Result "0-1"]
[PlyCount "71"]
[EventDate "1984.12.29"]

1.Nf3 Nf6 2.g3 g6 3.Bg2 Bg7 4.O-O O-O 5.d4 d6 6.c4 a6 7.b3 Nc6 8.Bb2 e5 9.
dxe5 Nd7 10.Nc3 dxe5 11.Qd2 Re8 12.Rad1 Nf8 13.Qc1 Bd7 14.Ng5 Qc8 15.f4 
Ne6 16.Nxe6 Bxe6 17.fxe5 Nxe5 18.Ne4 Bh3 19.Qf4 Bxg2 20.Kxg2 f5 21.Nf2 Ng4
22.Nxg4 Rxe2+ 23.Rf2 Rxb2 24.Rxb2 Bxb2 25.Nf2 c6 26.c5 Qe8 27.Qc4+ Kh8 28.
Rd6 Rd8 29.Nh3 b5 30.Qe6 Qxe6 31.Rxe6 Rd2+ 32.Kf3 Rxh2 33.Nf4 Bd4 34.Nd3 
Rd2 35.Re3 Bxe3 36.Kxe3 0-1

[Event "60th Hastings it"]
[Site "Hastings"]
[Date "1984.12.30"]
[Round "2"]
[White "Kupreichik, Viktor"]
[WhiteTitle "GM"]
[WhiteElo "2480"]
[Black "Farago, Ivan"]
[BlackTitle "GM"]
[BlackElo "2520"]
[Result "1/2-1/2"]
[PlyCount "154"]
[EventDate "1984.12.29"]

1.e4 e6 2.d4 d5 3.Nd2 c5 4.Ngf3 Nc6 5.exd5 exd5 6.Bb5 Bd6 7.O-O cxd4 8.Nb3
Ne7 9.Nbxd4 O-O 10.c3 Bg4 11.Qa4 Qd7 12.Re1 a6 13.Be2 Nxd4 14.Qxd4 Nc6 15.
Qd1 Bc5 16.Bf4 Rfe8 17.Qd2 Re7 18.h3 Bf5 19.Bd3 Rae8 20.Rxe7 Rxe7 21.Rd1 
h6 22.Bg3 Be6 23.Bc2 Re8 24.Bf4 Bf8 25.Bb3 Rd8 26.Nd4 Nxd4 27.Qxd4 b5 28.
Qb6 Qc8 29.Qc7 Qxc7 30.Bxc7 Rd7 31.Bb6 Rb7 32.Be3 a5 33.Rd2 Rd7 34.Bd4 Rb7
35.f4 b4 36.g4 f6 37.Kg2 bxc3 38.bxc3 Ba3 39.Kf3 Kf8 40.Rd3 Bf7 41.Be3 Rb5
42.Ba4 Rb2 43.Bb3 Be7 44.Rd2 Rxd2 45.Bxd2 f5 46.gxf5 Bf6 47.Ke3 Ke7 48.Kd3
Kd6 49.Bc1 Kc5 50.Ba4 Bh5 51.Ba3+ Kb6 52.Bd6 Bf3 53.Be5 Kc5 54.Bd7 Bg2 55.
h4 Bf1+ 56.Kd2 Bc4 57.a3 Ba6 58.h5 Kb6 59.Ba4 Bc4 60.Bc2 Bb5 61.Bd6 Be8 
62.Bd1 Bd7 63.Bf3 Bc6 64.Kc2 Ba4+ 65.Kb2 Bc6 66.Kb3 Bb7 67.Bd1 Ba6 68.Bf3 
Bb7 69.Kc2 Bc6 70.Be5 Kc5 71.Bc7 Bxc3 72.Bxd5 Kxd5 73.Kxc3 a4 74.Be5 Ke4 
75.Bxg7 Kxf5 76.Bxh6 Be8 77.Kb4 Kg4 1/2-1/2

[Event "60th Hastings it"]
[Site "Hastings"]
[Date "1984.12.31"]
[Round "3"]
[White "Martin, Andrew David"]
[WhiteTitle "IM"]
[WhiteElo "2445"]
[Black "Flear, Glenn Curtis"]
[BlackTitle "IM"]
[BlackElo "2455"]
[Result "1/2-1/2"]
[PlyCount "78"]
[EventDate "1984.12.29"]

1.d4 d5 2.c4 e6 3.Nc3 c6 4.Nf3 Nf6 5.Bg5 dxc4 6.e4 b5 7.e5 h6 8.Bh4 g5 9.
exf6 gxh4 10.Ne5 Qxf6 11.g3 Nd7 12.Qe2 Bb7 13.Bg2 Nxe5 14.dxe5 Qe7 15.
O-O-O Bg7 16.f4 O-O 17.Ne4 h3 18.Bxh3 c5 19.Rhe1 Bxe4 20.Qxe4 Rac8 21.Bg2 
Rc7 22.Rd6 Rd8 23.Red1 Rcd7 24.Qc6 Rxd6 25.Rxd6 Bf8 26.Qxb5 Rxd6 27.exd6 
Qxd6 28.Qxc4 Bg7 29.Be4 Bd4 30.Qe2 Qb6 31.Bd3 Qb7 32.f5 exf5 33.Bxf5 Qh1+ 
34.Kc2 Qd5 35.Bd3 Qxa2 36.Qg4+ Kf8 37.Qc8+ Kg7 38.Qg4+ Kf8 39.Qc8+ Kg7 
1/2-1/2

[Event "60th Hastings it"]
[Site "Hastings"]
[Date "1984.12.31"]
[Round "3"]
[White "Ravikumar, Vaidyanathan"]
[WhiteTitle "IM"]
[WhiteElo "2385"]
[Black "Fedorowicz, John"]
[BlackTitle "IM"]
[BlackElo "2485"]
[Result "0-1"]
[PlyCount "40"]
[EventDate "1984.12.29"]

1.d4 Nf6 2.Nf3 e6 3.c4 c5 4.e3 g6 5.Nc3 Bg7 6.Be2 O-O 7.O-O b6 8.e4 cxd4 
9.Nxd4 Bb7 10.Bf3 Ne8 11.Be3 Nc6 12.Rc1 Ne5 13.Be2 Nd6 14.b3 Nxe4 15.Nxe4 
Bxe4 16.Nb5 f5 17.Nd6 Bxg2 18.Kxg2 f4 19.Bd4 f3+ 20.Kh1 Qh4 0-1

[Event "60th Hastings it"]
[Site "Hastings"]
[Date "1984.12.31"]
[Round "3"]
[White "Sveshnikov, Evgeny"]
[WhiteTitle "GM"]
[WhiteElo "2530"]
[Black "Gutman, Lev"]
[BlackTitle "IM"]
[BlackElo "2485"]
[Result "0-1"]
[PlyCount "74"]
[EventDate "1984.12.29"]

1.e4 c5 2.c3 Nf6 3.e5 Nd5 4.d4 cxd4 5.Nf3 d6 6.cxd4 Nc6 7.Nc3 dxe5 8.dxe5 
Nxc3 9.Qxd8+ Nxd8 10.bxc3 Bd7 11.Be3 g6 12.Rb1 Bg7 13.Bb5 Bxb5 14.Rxb5 a6 
15.Rb6 Rc8 16.Ke2 Rc7 17.Bd4 Kd7 18.Ng5 Kc8 19.f4 h6 20.Nxf7 Nxf7 21.Rxg6 
Rh7 22.Re1 h5 23.e6 Bxd4 24.Rg8+ Nd8 25.cxd4 Rc6 26.f5 Kc7 27.Ke3 b5 28.
Kf4 Rc2 29.f6 Rf2+ 30.Ke5 Nc6+ 31.Ke4 Rxf6 32.d5 Na5 33.a4 Nc4 34.Rc1 h4 
35.axb5 axb5 36.Rc2 Rh5 37.Rg7 Kd6 0-1

[Event "60th Hastings it"]
[Site "Hastings"]
[Date "1984.12.31"]
[Round "3"]
[White "Watson, William"]
[WhiteTitle "IM"]
[WhiteElo "2450"]
[Black "Plaskett, Harold James"]
[BlackTitle "IM"]
[BlackElo "2470"]
[Result "0-1"]
[PlyCount "102"]
[EventDate "1984.12.29"]

1.e4 c5 2.Nc3 a6 3.g3 Nc6 4.Bg2 e6 5.Nf3 d6 6.O-O Be7 7.d4 cxd4 8.Nxd4 Bd7
9.Nf3 Nf6 10.Re1 Qc7 11.Be3 b5 12.a4 b4 13.Nd5 exd5 14.exd5 Na5 15.Bg5 Kf8
16.Qd4 Re8 17.Qxb4 Nxd5 18.Qd4 Nf6 19.Rad1 Qxc2 20.Bxf6 gxf6 21.Rc1 Qb3 
22.Qd2 Qb6 23.Nd4 f5 24.b4 Bf6 25.Rxe8+ Kxe8 26.Re1+ Kf8 27.Nc6 Nxc6 28.
Qh6+ Kg8 29.Qxf6 Qd4 30.Qg5+ Qg7 31.Qc1 Ne5 32.Qc7 Qf6 33.Rd1 Kg7 34.f4 
Bxa4 35.Rxd6 Nf3+ 36.Bxf3 Qa1+ 37.Kg2 Bb5 38.Rd1 Qb2+ 39.Kh3 Re8 40.Qd6 
Kg8 41.Qd2 Bf1+ 42.Bg2 Bxg2+ 43.Qxg2 Re2 44.Qg1 Rf2 45.Rd8+ Kg7 46.Re8 Rd2
47.g4 Rd3+ 48.Re3 Qd4 49.gxf5+ Kf8 50.Rxd3 Qxg1 51.f6 Qf1+ 0-1

[Event "60th Hastings it"]
[Site "Hastings"]
[Date "1985.01.01"]
[Round "4"]
[White "Flear, Glenn Curtis"]
[WhiteTitle "IM"]
[WhiteElo "2455"]
[Black "Hebert, Jean"]
[BlackTitle "IM"]
[BlackElo "2395"]
[Result "1/2-1/2"]
[PlyCount "57"]
[EventDate "1984.12.29"]

1.d4 Nf6 2.c4 e6 3.Nc3 Bb4 4.e3 c5 5.Ne2 d5 6.a3 Bxc3+ 7.Nxc3 cxd4 8.exd4 
dxc4 9.Bxc4 Nc6 10.Be3 O-O 11.O-O h6 12.Qd3 Ne7 13.Bf4 Bd7 14.Ba2 Bc6 15.
Rae1 Nfd5 16.Bb1 Ng6 17.Bc1 Qd7 18.h4 f5 19.Qg3 Rf6 20.h5 Nge7 21.Re5 Rc8 
22.Rfe1 Nxc3 23.bxc3 Bd5 24.Bf4 Nc6 25.R5e2 Na5 26.Be5 Rf7 27.Bf4 Rf6 28.
Be5 Rf7 29.Bf4 1/2-1/2

[Event "60th Hastings it"]
[Site "Hastings"]
[Date "1985.01.01"]
[Round "4"]
[White "Gutman, Lev"]
[WhiteTitle "IM"]
[WhiteElo "2485"]
[Black "Farago, Ivan"]
[BlackTitle "GM"]
[BlackElo "2520"]
[Result "1-0"]
[PlyCount "80"]
[EventDate "1984.12.29"]

1.d4 Nf6 2.c4 e6 3.Nc3 Bb4 4.a3 Bxc3+ 5.bxc3 c5 6.f3 d5 7.cxd5 Nxd5 8.dxc5
Qa5 9.e4 Nc7 10.Qd4 O-O 11.Qb4 Nc6 12.Qxa5 Nxa5 13.Bf4 Na6 14.Bd6 Re8 15.
Bb5 Nc6 16.Bxc6 bxc6 17.e5 Nb8 18.Ne2 Ba6 19.Nd4 f6 20.f4 Bd3 21.Ra2 Nd7 
22.Rb2 Nf8 23.Kd2 Be4 24.Ke3 Bd5 25.Rc1 f5 26.c4 Be4 27.g3 Ng6 28.Rb7 Nh8 
29.g4 Nf7 30.gxf5 exf5 31.Rg1 g6 32.Be7 Rab8 33.Rd7 Nd8 34.Bf6 Ne6 35.Nxe6
Rb3+ 36.Kf2 Rb2+ 37.Kg3 Rxe6 38.Rgd1 Rg2+ 39.Kh3 g5 40.Rd8+ Kf7 1-0

[Event "60th Hastings it"]
[Site "Hastings"]
[Date "1985.01.01"]
[Round "4"]
[White "Kupreichik, Viktor"]
[WhiteTitle "GM"]
[WhiteElo "2480"]
[Black "Martin, Andrew David"]
[BlackTitle "IM"]
[BlackElo "2445"]
[Result "1/2-1/2"]
[PlyCount "94"]
[EventDate "1984.12.29"]

1.e4 d5 2.exd5 Nf6 3.d4 Nxd5 4.Nf3 g6 5.Be2 Bg7 6.c4 Nb6 7.Nc3 O-O 8.Be3 
Bg4 9.h3 Bxf3 10.Bxf3 Nc6 11.Bxc6 bxc6 12.b3 c5 13.Ne2 cxd4 14.Bxd4 e5 15.
Bc5 Re8 16.Qxd8 Raxd8 17.Rd1 f5 18.Nc3 c6 19.Ke2 Kf7 20.Rxd8 Rxd8 21.Rd1 
Rxd1 22.Kxd1 Ke6 23.Kc2 Bf6 24.a4 Be7 25.Bxe7 Kxe7 26.a5 Nc8 27.Kd3 c5 28.
g4 Ke6 29.gxf5+ gxf5 30.Nb5 e4+ 31.Kc3 Ke5 32.b4 cxb4+ 33.Kxb4 f4 34.Kc3 
h5 35.h4 a6 36.Nc7 Ne7 37.Nxa6 Nc6 38.Nb4 Nxa5 39.c5 Kf5 40.c6 Nxc6 41.
Nxc6 Kg4 42.Kd4 e3 43.fxe3 fxe3 44.Kxe3 Kxh4 45.Kf4 Kh3 46.Kf3 Kh4 47.Kf4 
Kh3 1/2-1/2

[Event "60th Hastings it"]
[Site "Hastings"]
[Date "1985.01.01"]
[Round "4"]
[White "Plaskett, Harold James"]
[WhiteTitle "IM"]
[WhiteElo "2470"]
[Black "Abramovic, Bosko"]
[BlackTitle "IM"]
[BlackElo "2480"]
[Result "0-1"]
[PlyCount "102"]
[EventDate "1984.12.29"]

1.e4 c5 2.Nf3 e6 3.d4 cxd4 4.Nxd4 Nc6 5.Nb5 d6 6.c4 Nf6 7.N1c3 a6 8.Na3 
Be7 9.Be2 O-O 10.O-O b6 11.Be3 Bd7 12.Rc1 Ra7 13.f4 Qb8 14.g4 Rc8 15.Bd3 
Nb4 16.g5 Ng4 17.Qxg4 Nxd3 18.Rc2 d5 19.cxd5 exd5 20.f5 Bxa3 21.bxa3 Qe5 
22.Qh4 dxe4 23.g6 hxg6 24.f6 Qh5 25.Qxh5 gxh5 26.Rg2 g6 27.Bxb6 Rb7 28.Nd5
Bh3 29.Ne7+ Rxe7 30.fxe7 Re8 31.Rc2 Bxf1 32.Kxf1 f5 33.Bd8 Kf7 34.h4 Nf4 
35.Kf2 Nd5 36.Rc6 Nxe7 37.Rd6 Nc8 38.Rd4 Ke6 39.Bg5 Nd6 40.Bf4 Rd8 41.Ra4 
Ra8 42.Rd4 Nb5 43.Rd2 Rc8 44.a4 Nc3 45.Rd6+ Ke7 46.Rxg6 Nd5 47.Bg5+ Kd7 
48.Rxa6 Rc2+ 49.Ke1 f4 50.Ra7+ Ke6 51.Ra6+ Ke5 0-1

[Event "60th Hastings it"]
[Site "Hastings"]
[Date "1985.01.01"]
[Round "4"]
[White "Watson, William"]
[WhiteTitle "IM"]
[WhiteElo "2450"]
[Black "Ravikumar, Vaidyanathan"]
[BlackTitle "IM"]
[BlackElo "2385"]
[Result "0-1"]
[PlyCount "102"]
[EventDate "1984.12.29"]

1.e4 e5 2.Nf3 d6 3.Bc4 c6 4.O-O Nd7 5.d4 Be7 6.dxe5 dxe5 7.Ng5 Bxg5 8.Qh5 
Qe7 9.Bxg5 Ngf6 10.Qh4 h6 11.a4 Rh7 12.Bxf6 Nxf6 13.Nc3 g5 14.Qg3 Rg7 15.
Rab1 Rg6 16.b4 h5 17.a5 h4 18.Qe3 a6 19.Na4 Kf8 20.Rbd1 Ne8 21.Qc5 Rd6 22.
Nb6 Rb8 23.Rxd6 Qxd6 24.Qe3 f6 25.Qe2 Be6 26.Rd1 Bxc4 27.Nxc4 Qe6 28.Qd3 
Ke7 29.h3 Nc7 30.Nb6 Nb5 31.Qe3 Rd8 32.Qc5+ Nd6 33.f4 Ke8 34.c4 Nf7 35.
Rxd8+ Nxd8 36.b5 Qe7 37.Qxe7+ Kxe7 38.bxa6 bxa6 39.Na8 Nb7 40.Nc7 Nc5 41.
Kf2 Kd8 42.Na8 Nb3 43.Ke3 Nxa5 44.Kd3 Nb7 45.Kc3 a5 46.Kb3 Nc5+ 47.Ka3 Nd7
48.Ka4 Kc8 49.Kxa5 Kb7 50.c5 Kxa8 51.Ka6 Kb8 0-1

[Event "60th Hastings it"]
[Site "Hastings"]
[Date "1985.01.02"]
[Round "5"]
[White "Abramovic, Bosko"]
[WhiteTitle "IM"]
[WhiteElo "2480"]
[Black "Flear, Glenn Curtis"]
[BlackTitle "IM"]
[BlackElo "2455"]
[Result "0-1"]
[PlyCount "72"]
[EventDate "1984.12.29"]

1.e4 e5 2.Nf3 Nc6 3.Bc4 Nf6 4.d3 Be7 5.O-O O-O 6.Re1 d6 7.c3 Na5 8.Bb5 a6 
9.Ba4 b5 10.Bc2 c5 11.Nbd2 Re8 12.Nf1 h6 13.h3 Bf8 14.Ne3 Nc6 15.Nh2 d5 
16.exd5 Nxd5 17.Nxd5 Qxd5 18.Ng4 Bb7 19.Bb3 Qd6 20.Qf3 Re7 21.Qg3 Kh8 22.
f4 exf4 23.Bxf4 Qg6 24.Rxe7 Bxe7 25.Re1 Rd8 26.Qf2 Kg8 27.Rxe7 Nxe7 28.Ne5
Qf6 29.Bxf7+ Kh7 30.Qxc5 Be4 31.Bb3 Qxf4 32.Qxe7 Qg4 33.dxe4 Rd2 34.Bg8+ 
Kh8 35.Nf7+ Kxg8 36.Qe8+ Kh7 0-1

[Event "60th Hastings it"]
[Site "Hastings"]
[Date "1985.01.02"]
[Round "5"]
[White "Farago, Ivan"]
[WhiteTitle "GM"]
[WhiteElo "2520"]
[Black "Fedorowicz, John"]
[BlackTitle "IM"]
[BlackElo "2485"]
[Result "1/2-1/2"]
[PlyCount "70"]
[EventDate "1984.12.29"]

1.d4 Nf6 2.c4 e6 3.Nf3 b6 4.a3 c5 5.d5 exd5 6.cxd5 g6 7.Nc3 Bg7 8.g3 O-O 
9.Bg2 d6 10.O-O Re8 11.Re1 a6 12.a4 Nbd7 13.h3 Qc7 14.Rb1 Rb8 15.Bd2 b5 
16.b4 Ne4 17.Nxe4 Rxe4 18.axb5 axb5 19.Ng5 Rc4 20.e3 h6 21.Nf3 Nf6 22.bxc5
Qxc5 23.Nd4 Bd7 24.Nb3 Qc7 25.Na5 Bf5 26.Rc1 Rxc1 27.Qxc1 Qd7 28.e4 Bxh3 
29.Bxh6 Re8 30.Bxg7 Kxg7 31.Bh1 Rh8 32.Bf3 Bg4 33.Bg2 Bh3 34.Bf3 Bg4 35.
Bg2 Bh3 1/2-1/2

[Event "60th Hastings it"]
[Site "Hastings"]
[Date "1985.01.02"]
[Round "5"]
[White "Ravikumar, Vaidyanathan"]
[WhiteTitle "IM"]
[WhiteElo "2385"]
[Black "Plaskett, Harold James"]
[BlackTitle "IM"]
[BlackElo "2470"]
[Result "1-0"]
[PlyCount "61"]
[EventDate "1984.12.29"]

1.e4 c5 2.Nc3 e6 3.f4 Nc6 4.Nf3 a6 5.g3 d5 6.e5 Nge7 7.Bh3 g6 8.O-O Bg7 9.
b3 b5 10.Bb2 Qb6 11.Kh1 O-O 12.Ne2 d4 13.Neg1 Bb7 14.Bg2 Rad8 15.Nh3 Nd5 
16.Qc1 f6 17.exf6 Bxf6 18.Re1 Rfe8 19.c4 Ndb4 20.Nf2 bxc4 21.bxc4 e5 22.a3
Nd3 23.Nxd3 e4 24.Ng5 Bxg5 25.Rb1 exd3 26.Rxe8+ Rxe8 27.Bd5+ Kf8 28.fxg5 
Qc7 29.Qf1+ Ke7 30.Bxd4 cxd4 31.Rxb7 1-0

[Event "60th Hastings it"]
[Site "Hastings"]
[Date "1985.01.04"]
[Round "6"]
[White "Gutman, Lev"]
[WhiteTitle "IM"]
[WhiteElo "2485"]
[Black "Martin, Andrew David"]
[BlackTitle "IM"]
[BlackElo "2445"]
[Result "1-0"]
[PlyCount "84"]
[EventDate "1984.12.29"]

1.Nf3 Nf6 2.g3 g6 3.Bg2 Bg7 4.O-O O-O 5.c4 d6 6.d4 Nbd7 7.Nc3 e5 8.e4 exd4
9.Nxd4 Nc5 10.h3 Re8 11.Re1 a5 12.Bg5 h6 13.Bf4 Nfd7 14.Be3 a4 15.Rb1 c6 
16.Qc2 Qa5 17.b4 axb3 18.axb3 Qb4 19.Re2 Nf8 20.Rd2 Nfe6 21.Nde2 Ng5 22.g4
Ra3 23.Rdd1 Nxb3 24.Bc1 Ra1 25.Bxg5 Rxb1 26.Rxb1 Qxc4 27.Be3 Nc5 28.Qd2 
Kh7 29.Qxd6 Nd3 30.Bd4 Ne5 31.Qb4 Qe6 32.Qb3 Qe7 33.f4 Nd7 34.Bxg7 Kxg7 
35.Qb4 c5 36.Qb2 Kh7 37.Nd5 Qd6 38.e5 Qa6 39.Nec3 c4 40.Ne4 Re6 41.Ndf6+ 
Nxf6 42.Nxf6+ Kg7 1-0

[Event "60th Hastings it"]
[Site "Hastings"]
[Date "1985.01.04"]
[Round "6"]
[White "Kupreichik, Viktor"]
[WhiteTitle "GM"]
[WhiteElo "2480"]
[Black "Abramovic, Bosko"]
[BlackTitle "IM"]
[BlackElo "2480"]
[Result "0-1"]
[PlyCount "77"]
[EventDate "1984.12.29"]

1.e4 e5 2.Nf3 Nc6 3.Bb5 a6 4.Ba4 Nf6 5.O-O Be7 6.Re1 b5 7.Bb3 d6 8.a4 Bg4 
9.c3 O-O 10.d3 Na5 11.Ba2 c5 12.Bg5 Qc7 13.Na3 Rab8 14.axb5 axb5 15.Nc2 b4
16.cxb4 cxb4 17.Bxf6 Bxf6 18.Bd5 Bxf3 19.gxf3 Nc6 20.Bxc6 Qxc6 21.Ne3 Bg5 
22.Nd5 Kh8 23.Ra7 f5 24.Qa4 Qc5 25.Qd7 Bh6 26.Rc7 Qd4 27.Qxd6 fxe4 28.Rf7 
Rfd8 29.Rd7 Rf8 30.Rf7 Rfd8 31.Rd7 Rf8 32.dxe4 Qd2 33.Ra1 Qg5+ 34.Kf1 Qh5 
35.f4 exf4 36.e5 f3 37.e6 Qh3+ 38.Ke1 Qg2 39.Qa6 0-1

[Event "60th Hastings it"]
[Site "Hastings"]
[Date "1985.01.04"]
[Round "6"]
[White "Watson, William"]
[WhiteTitle "IM"]
[WhiteElo "2450"]
[Black "Farago, Ivan"]
[BlackTitle "GM"]
[BlackElo "2520"]
[Result "1/2-1/2"]
[PlyCount "79"]
[EventDate "1984.12.29"]

1.e4 e6 2.d4 d5 3.Nd2 Nf6 4.e5 Nfd7 5.f4 c5 6.c3 Nc6 7.Ndf3 Qb6 8.g3 f5 9.
Bh3 cxd4 10.cxd4 Bb4+ 11.Kf1 Be7 12.g4 Nf8 13.Ne2 Ng6 14.Kg2 O-O 15.Kg3 
Bd7 16.gxf5 exf5 17.Bg2 Be6 18.h4 Rfd8 19.Rb1 Rac8 20.Be3 Na5 21.Nc3 Nc4 
22.Bc1 Qc6 23.Ng5 h6 24.Nxe6 Qxe6 25.Qf3 Nb6 26.h5 Nf8 27.a4 a5 28.b3 Bb4 
29.Bb2 Qe7 30.Rbc1 Rc6 31.Bh3 Ne6 32.Ne2 Rf8 33.Qd3 Qf7 34.Bg2 Rfc8 35.Bh3
Rxc1 36.Nxc1 Rf8 37.Qf3 Rc8 38.Qd3 Rf8 39.Qf3 Rc8 40.Qd3 1/2-1/2

[Event "60th Hastings it"]
[Site "Hastings"]
[Date "1985.01.05"]
[Round "7"]
[White "Farago, Ivan"]
[WhiteTitle "GM"]
[WhiteElo "2520"]
[Black "Ravikumar, Vaidyanathan"]
[BlackTitle "IM"]
[BlackElo "2385"]
[Result "1-0"]
[PlyCount "63"]
[EventDate "1984.12.29"]

1.d4 Nf6 2.c4 e6 3.Nf3 b6 4.a3 c5 5.d5 exd5 6.cxd5 g6 7.Nc3 Bg7 8.e4 O-O 
9.Be2 d6 10.Bf4 a6 11.a4 Nh5 12.Bg5 f6 13.Bd2 Ra7 14.O-O Bh8 15.Rb1 Re7 
16.b4 Nd7 17.bxc5 bxc5 18.Ne1 Ng7 19.f4 Ne8 20.Bc4 Bg7 21.Qe2 Nc7 22.Nf3 
Kh8 23.Qd3 Ree8 24.f5 Rf7 25.fxg6 hxg6 26.e5 Nxe5 27.Nxe5 Rxe5 28.Qxg6 Kg8
29.Rb8 Rf8 30.Bf4 Re7 31.Rxc8 Qxc8 32.Bxd6 1-0

[Event "60th Hastings it"]
[Site "Hastings"]
[Date "1985.01.05"]
[Round "7"]
[White "Flear, Glenn Curtis"]
[WhiteTitle "IM"]
[WhiteElo "2455"]
[Black "Kupreichik, Viktor"]
[BlackTitle "GM"]
[BlackElo "2480"]
[Result "0-1"]
[PlyCount "72"]
[EventDate "1984.12.29"]

1.d4 d5 2.c4 dxc4 3.Nf3 Nf6 4.e3 e6 5.Bxc4 c5 6.O-O a6 7.a4 Nc6 8.Qe2 cxd4
9.Rd1 Be7 10.exd4 O-O 11.Nc3 Nb4 12.Ne5 Nfd5 13.Ne4 b6 14.a5 b5 15.Bb3 Bb7
16.Bd2 Rc8 17.Rac1 Nc6 18.Nxc6 Rxc6 19.Nc5 Ba8 20.Bc2 Nf6 21.Bg5 Rd6 22.
Qd3 g6 23.Bf4 Rd5 24.b4 Nh5 25.Bh6 Bg5 26.Bxf8 Bxc1 27.Rxc1 Kxf8 28.Qe3 
Rxd4 29.Qe5 Kg8 30.Nxa6 Nf4 31.f3 g5 32.Kh1 Rd2 33.Qc7 Qd4 34.Qc8+ Kg7 35.
Qxa8 Rxg2 36.Qe4 Rxh2+ 0-1

[Event "60th Hastings it"]
[Site "Hastings"]
[Date "1985.01.09"]
[Round "7"]
[White "Sveshnikov, Evgeny"]
[WhiteTitle "GM"]
[WhiteElo "2530"]
[Black "Plaskett, Harold James"]
[BlackTitle "IM"]
[BlackElo "2470"]
[Result "1/2-1/2"]
[PlyCount "78"]
[EventDate "1984.12.29"]

1.e4 e5 2.Nf3 Nf6 3.Nxe5 d6 4.Nf3 Nxe4 5.c4 Be7 6.Nc3 Nxc3 7.dxc3 Nc6 8.
Be3 Bf5 9.Be2 O-O 10.O-O Re8 11.a4 Bf6 12.a5 a6 13.Nd4 Nxd4 14.cxd4 c5 15.
Bf3 Be4 16.Bxe4 Rxe4 17.Qc2 Qe7 18.dxc5 dxc5 19.Bxc5 Qe6 20.Qb3 Qc6 21.Be3
Rxc4 22.Rac1 Rxc1 23.Rxc1 Qd7 24.Rd1 Qc6 25.Rc1 Qd7 26.Rd1 Qc6 27.Qb6 Qc2 
28.Rc1 Qxb2 29.Qxb2 Bxb2 30.Rc7 Be5 31.Re7 Bc3 32.Bb6 Rb8 33.g3 Bf6 34.Rd7
Kf8 35.Ba7 Ke8 36.Rc7 Rd8 37.Rxb7 Rd7 38.Rb8+ Rd8 39.Rb7 Rd7 1/2-1/2

[Event "60th Hastings it"]
[Site "Hastings"]
[Date "1985.01.06"]
[Round "8"]
[White "Benjamin, Joel"]
[WhiteTitle "IM"]
[WhiteElo "2520"]
[Black "Flear, Glenn Curtis"]
[BlackTitle "IM"]
[BlackElo "2455"]
[Result "0-1"]
[PlyCount "64"]
[EventDate "1984.12.29"]

1.c4 e6 2.d4 Nf6 3.Nf3 d5 4.Nc3 c6 5.Bg5 dxc4 6.e4 b5 7.a4 Qb6 8.e5 Nd5 9.
Ne4 h6 10.Bd2 Nd7 11.b3 cxb3 12.Qxb3 Ba6 13.a5 Qb7 14.Rc1 Rc8 15.Be2 c5 
16.dxc5 Nxc5 17.Nxc5 Bxc5 18.O-O b4 19.Qa4+ Ke7 20.Bxa6 Qxa6 21.Rc2 Qc6 
22.Qb3 Qb5 23.Rfc1 Rc7 24.Nd4 Qxa5 25.Qg3 Rhc8 26.Qxg7 Bxd4 27.Bxh6 Bxe5 
28.Rxc7+ Nxc7 29.Bg5+ Kd6 30.Rd1+ Kc6 31.Qxf7 Bxh2+ 32.Kxh2 Qxg5 0-1

[Event "60th Hastings it"]
[Site "Hastings"]
[Date "1985.01.06"]
[Round "8"]
[White "Gutman, Lev"]
[WhiteTitle "IM"]
[WhiteElo "2485"]
[Black "Abramovic, Bosko"]
[BlackTitle "IM"]
[BlackElo "2480"]
[Result "1-0"]
[PlyCount "59"]
[EventDate "1984.12.29"]

1.d4 Nf6 2.c4 e6 3.Nc3 Bb4 4.a3 Bxc3+ 5.bxc3 b6 6.f3 Nc6 7.e4 Ba6 8.e5 Ng8
9.Nh3 Na5 10.Qa4 h6 11.Nf2 Ne7 12.Ne4 Qc8 13.Rb1 Nf5 14.h4 Qd8 15.h5 Kf8 
16.g4 Ne7 17.Bf4 d5 18.exd6 cxd6 19.Nxd6 Qc7 20.Bh2 Nec6 21.d5 exd5 22.
cxd5 Bxf1 23.Kxf1 Ne7 24.c4 Qc5 25.Kg2 Qe3 26.Rhe1 Qd2+ 27.Kh1 Rd8 28.Qb4 
Qd3 29.Kg2 g6 30.Rxe7 1-0